000 00961cam a2200229 a 4500
001 000014212
005 20200929163525.0
008 000817s1999 ck 100 0 spa d
020 _a958967674X
035 _a(OCoLC)ocm44944824
040 _aDO-SdBNP
_bspa
_cNYP
_dIQU
_dDLC
_dBNPHU
082 _a330.9861/1
_bF727
245 0 0 _aSéptimo foro del Caribe colombiano :
_bRegión Siglo XXI-memorias.
246 3 0 _a7mo. foro del Caribe colombiano
260 _aBarranquilla :
_bDepartamento del Atlántico :
_bFondo de Publicaciones de la Universidad del Atlántico :
_bPremio del Patriotismo,
_c1999.
300 _a212 p. ;
_c27 cm.
651 0 _aAtlantic Coast Region (Colombia{Rpara}
_xEconomic Policy
_vCongresses.
_932110
651 0 _aAtlantic Coast Region (Colombia{Rpara}
_xSocial Policy
_vCongresses.
_932111
710 1 _aConsejo Regional de Planificacion de la Costa Atlantica (Colombia)
_932112
910 _aCatalogación por copia / LC
049 _aBNGR
999 _c13812
_d13812